Apuntes para la historia de la drogadicción en la República Dominicana : crónicas de su origen y crecimiento hasta 1991 / (Record no. 16091)
[ view plain ]
| 000 -CABECERA | |
|---|---|
| campo de control de longitud fija | 00969nam a2200241 a 4500 |
| 001 - NÚMERO DE CONTROL | |
| campo de control | 000016558 |
| 005 - FECHA Y HORA DE LA ÚLTIMA TRANSACCIÓN | |
| campo de control | 20200929164928.0 |
| 008 - DATOS DE LONGITUD FIJA--INFORMACIÓN GENERAL | |
| campo de control de longitud fija | 100308s1992 dr a 000 0 spa d |
| 040 ## - FUENTE DE LA CATALOGACIÓN | |
| Centro catalogador/agencia de origen | DO-SdBNP |
| Lengua de catalogación | spa |
| Centro/agencia transcriptor | BNPHU |
| 082 ## - NÚMERO DE LA CLASIFICACIÓN DECIMAL DEWEY | |
| Número de clasificación | xxx |
| Número de documento/Ítem | A655h |
| 049 ## - FONDOS LOCALES (OCLC) | |
| Fondos de biblioteca | BNPD |
| 245 00 - MENCIÓN DE TÍTULO | |
| Título | Apuntes para la historia de la drogadicción en la República Dominicana : crónicas de su origen y crecimiento hasta 1991 / |
| Mención de responsabilidad, etc. | compilación Ana Marina Méndez Gómez; prefacio Luis Elpidio Féliz Féliz; prólogo Leopoldo Ml. Díaz Henríquez. |
| 260 ## - PUBLICACIÓN, DISTRIBUCIÓN, ETC. | |
| Lugar de publicación, distribución, etc. | Santo Domingo : |
| Nombre del editor, distribuidor, etc. | Hogar Crea Dominicana, |
| Fecha de publicación, distribución, etc. | 1992. |
| 300 ## - DESCRIPCIÓN FÍSICA | |
| Extensión | 83 p. : |
| Otras características físicas | il. ; |
| Dimensiones | 22 cm. |
| 490 1# - MENCIÓN DE SERIE | |
| Mención de serie | Investigaciones |
| Designación de volumen o secuencia | 1 |
| 490 1# - MENCIÓN DE SERIE | |
| Mención de serie | Hogar Crea |
| 500 ## - NOTA GENERAL | |
| Nota general | Incluye notas al pie de páginas |
| 700 1# - PUNTO DE ACCESO ADICIONAL--NOMBRE DE PERSONA | |
| Nombre de persona | Méndez Gómez, Ana María |
| Término indicativo de función/relación | comp. |
| 9 (RLIN) | 36809 |
| 700 1# - PUNTO DE ACCESO ADICIONAL--NOMBRE DE PERSONA | |
| Nombre de persona | Féliz Féliz, Luis Elpidio |
| Término indicativo de función/relación | pref. |
| 9 (RLIN) | 18204 |
| 700 1# - PUNTO DE ACCESO ADICIONAL--NOMBRE DE PERSONA | |
| Nombre de persona | Díaz Henríquez, Leopoldo Ml. |
| Término indicativo de función/relación | pról. |
| 9 (RLIN) | 36810 |
| 830 #0 - PUNTO DE ACCESO ADICIONAL DE SERIE-TÍTULO UNIFORME | |
| Título uniforme | Investigaciones |
| Número de parte o sección de la obra | 1 |
| 9 (RLIN) | 36811 |
| 830 #0 - PUNTO DE ACCESO ADICIONAL DE SERIE-TÍTULO UNIFORME | |
| Título uniforme | Hogar Crea |
| 9 (RLIN) | 36812 |
| Estado de retiro | Estado de pérdida | No para préstamo | Código de colección | Localización permanente | Ubicación/localización actual | Ubicación en estantería | Fecha de adquisición | Número de inventario | Total de préstamos | Signatura topográfica completa | Código de barras | Fecha visto por última vez | Precio válido a partir de | Tipo de ítem Koha |
|---|---|---|---|---|---|---|---|---|---|---|---|---|---|---|
| Excluido de préstamo | Patrimonio Dominicano | Patrimonio Dominicano | Patrimonio Dominicano | En catalogación | 08.03.2010 | LF1 | xxx A655h | 16558-10 | 25.06.2020 | 25.06.2020 | Libro y Folleto Colección Patrimonio Dominicano |
